Luke Combs Charting Songs (Billboard Hot Country) - Statistics

General Stats
  • This quiz has been taken 51 times
    41 since last reset
  • The average score is 13 of 55
Answer Stats
Album Weeks On Peak Artist(s) Song % Correct
What You See Is What You Get 26 Weeks #2 Luke Combs Beer Never Broke My Heart
75%
Gettin' Old 32 Weeks #1 (4 Weeks) Luke Combs Fast Car
75%
This One's for You Too 55 Weeks #1 (11 Weeks) Luke Combs Beautiful Crazy
64%
This One's for You 52 Weeks #3 Luke Combs Hurricane
58%
This One's for You 30 Weeks #1 (2 Weeks) Luke Combs When It Rains It Pours
58%
Gettin' Old 2 Weeks #43 Luke Combs Where the Wild Things Are
56%
What You See Ain't Always What You Get 52 Weeks #1 (10 Weeks) Luke Combs Forever After All
47%
What You See Is What You Get 48 Weeks #1 (3 Weeks) Luke Combs Better Together
44%
This One's for You Too 37 Weeks #2 Luke Combs She Got the Best of Me
44%
What You See Is What You Get 16 Weeks #20 Luke Combs + Brooks & Dunn 1,2 Many
42%
Gettin' Old 29 Weeks #3 Luke Combs Love You Anyway
42%
Growin' Up 34 Weeks #1 (4 Weeks) Luke Combs The Kind of Love We Make
42%
Gettin' Old 16 Weeks #11 Luke Combs 5 Leaf Clover
33%
Growin' Up 28 Weeks #2 Luke Combs Doin This
31%
This One's for You Too 20 Weeks #22 Luke Combs Houston, We Got a Problem
31%
This One's for You 33 Weeks #3 Luke Combs One Number Away
31%
What You See Is What You Get 7 Weeks #30 Luke Combs What You See Is What You Get
31%
Reboot 9 Weeks #30 Brooks & Dunn with Luke Combs Brand New Man
28%
What You See Is What You Get 26 Weeks #4 Luke Combs ft. Eric Church Does to Me
28%
What You See Ain't Always What You Get 26 Weeks #5 Luke Combs Cold as You
25%
Growin' Up 2 Weeks #27 Luke Combs & Miranda Lambert Outrunnin' Your Memory
25%
What You See Is What You Get 37 Weeks #2 Luke Combs Even Though I'm Leaving
22%
What You See Is What You Get 26 Weeks #3 Luke Combs Lovin on You
22%
This One's for You Too 20 Weeks #14 Luke Combs Must've Never Met You
22%
In It For the Money 26 Weeks #3 Jameson Rodgers ft. Luke Combs Cold Beer Calling My Name
19%
Growin' Up 26 Weeks #5 Luke Combs Going, Going, Gone
19%
Gettin' Old 1 Week #50 Luke Combs Hannah Ford Road
17%
Gettin' Old 2 Weeks #22 Luke Combs Joe
17%
- 3 Weeks #47 Ed Sheeran ft. Luke Combs Life Goes On
17%
Growin' Up 20 Weeks #13 Luke Combs Tomorrow Me
17%
Gettin' Old 20 Weeks #18 Luke Combs Growin' Up and Gettin' Old
14%
What You See Is What You Get 7 Weeks #21 Luke Combs Moon Over Mexico
14%
What You See Is What You Get 11 Weeks #20 Luke Combs Refridgerator Door
14%
What You See Ain't Always What You Get 8 Weeks #15 Luke Combs ft. Amanda Shires Without You
14%
Growin' Up 1 Week #38 Luke Combs Any Given Friday Night
11%
What You See Is What You Get 1 Week #42 Luke Combs Blue Collar Boys
11%
Ain't My Last Rodeo 11 Weeks #25 Riley Green ft. Luke Combs Different 'Round Here
11%
What You See Ain't Always What You Get 20 Weeks #10 Luke Combs Six Feet Apart
11%
Growin' Up 1 Week #44 Luke Combs Used to Wish I Was
11%
Gettin' Old 1 Week #40 Luke Combs You Found Yours
11%
What You See Is What You Get 2 Weeks #38 Luke Combs All Over Again
8%
This One's for You Too 1 Week #33 Luke Combs A Long Way
8%
Growin' Up 1 Week #49 Luke Combs Call Me
8%
What You See Is What You Get 4 Weeks #41 Luke Combs Nothing Like You
8%
What You See Is What You Get 1 Week #49 Luke Combs Angels Workin' Overtime
6%
What You See Is What You Get 1 Week #47 Luke Combs Every Little Bit Helps
6%
Growin' Up 1 Week #45 Luke Combs Middle of Somewhere
6%
What You See Is What You Get 1 Week #45 Luke Combs New Every Day
6%
Growin' Up 1 Week #42 Luke Combs On the Other Line
6%
What You See Is What You Get 2 Weeks #38 Luke Combs Reasons
6%
Growin' Up 1 Week #47 Luke Combs Better Back When
3%
What You See Is What You Get 1 Week #43 Luke Combs Dear Today
3%
What You See Ain't Always What You Get 1 Week #27 Luke Combs My Kinda Folk
3%
Non-Album Single 5 Weeks #25 Luke Combs South on Ya
3%
What You See Ain't Always What You Get 3 Weeks #19 Luke Combs The Other Guy
3%
No matching quizzes found
Score Distribution
Percent of People with Each Score
Percentile by Number Answered
Your Score History
You have not taken this quiz since the last reset